Politik Jepun : zaman pemerintahan keshogunan /
محفوظ في:
| المؤلف الرئيسي: | |
|---|---|
| التنسيق: | أطروحة كتاب |
| اللغة: | Malay |
| منشور في: |
2005.
|
| الموضوعات: | |
| الوسوم: |
إضافة وسم
لا توجد وسوم, كن أول من يضع وسما على هذه التسجيلة!
|
| LEADER | 00955cam a2200229 a 4500 | ||
|---|---|---|---|
| 001 | u716633 | ||
| 003 | SIRSI | ||
| 008 | 060116s2005 my t 000 0 may m | ||
| 040 | |a UMM | ||
| 043 | |a a-ja--- | ||
| 090 | |a CB20 |b UM 2005 Mohfi | ||
| 100 | 0 | 0 | |a Mohammed Faizal Idris |
| 245 | 1 | 0 | |a Politik Jepun : |b zaman pemerintahan keshogunan / |c Mohammed Faizal bin Idris. |
| 260 | |c 2005. | ||
| 300 | |a xx, 150, [15] leaves : |b ill. ; |c 30 cm. | ||
| 502 | |a Dissertation (M.A. (Civilization Stud.)) -- Pengajian Peradaban, Fakulti Sastera dan Sains Sosial, Universiti Malaya, 2006. | ||
| 504 | |a Bibliography: leaves [151-156]. | ||
| 651 | 0 | |a Japan |x Politics and government |x History. | |
| 651 | 0 | |a Japan |x History |y Tokugawa period, 1600-1868 | |
| 710 | 2 | 0 | |a Universiti Malaya. |b Fakulti Sastera dan Sains Sosial. |b Pengajian Peradaban. |
| 596 | |a 1 | ||
| 999 | |a CB20 UM 2005 MOHFI |w LC |c 1 |i A512454776 |d 20/5/2017 |e 20/5/2017 |f 26/9/2006 |g 1 |l STACKS |m P01UTAMA |n 12 |r Y |s Y |t TESIS |u 26/9/2006 | ||
